15 principales países con muertes de Covid-19 - 28 abr 2021 - Estadísticas

Estadísticas generales
  • Esta prueba ha sido intentada 9 veces
  • La puntuación promedio es 16 de 24
Estadísticas de respuestas
país % Correcto
Estados Unidos
100%
México
100%
Alemania
89%
Argentina
89%
Brasil
89%
Colombia
89%
España
89%
Italia
89%
Francia
78%
India
78%
Reino Unido
78%
Rusia
78%
Hungría
67%
Irán
67%
Polonia
67%
Perú
56%
Bélgica
44%
Bulgaria
44%
Chequia
44%
Croacia
44%
Eslovaquia
33%
Eslovenia
33%
Bosnia y Herzegovina
22%
Macedonia del Norte
11%
No se encontraron pruebas coincidentes
Distribución de puntuación
Porcentaje de gente con cada puntuación
Porcentaje por número respondido
Historial de tus puntuaciones
No has intentado esta prueba.